Places You Can 'GO' Quiz Stats

 Plays Quiz Updated Jun 3, 2016

Challenge
Share
Tweet
Embed
Score 0/12 Timer 06:00
0 Plays Today
Category Place % Correct
CountryTogo
75.2%
CountryRepublic of the Congo
64.5%
CountryAngola
57.8%
CountryDemocratic Republic of the Congo
55.8%
CountryTrinidad and Tobago
49.9%
CountryMongolia
48.5%
World CapitalBogotá
30.3%
CountryBosnia and Herzegovina
29.5%
World CapitalSantiago
25.2%
World CapitalSanto Domingo
16.2%
World CapitalOuagadougou
13.3%
World CapitalPodgorica
12.8%

You're not logged in!

Compare scores with friends on all Sporcle quizzes.
OR
Log In

You Might Also Like...

Show Comments

Extras

Top Quizzes Today


Score Distribution

Your Account Isn't Verified!

In order to create a playlist on Sporcle, you need to verify the email address you used during registration. Go to your Sporcle Settings to finish the process.

Report this User

Report this user for behavior that violates our Community Guidelines.

Details: